Criterios para la identificación y selección de escuela eficaces de nivel medio superior (Record no. 198593)

MARC details
000 -CABECERA
campo de control de longitud fija 02032cab a2200289 ab4500
005 - FECHA Y HORA DE LA ÚLTIMA TRANSACCIÓN
campo de control 20260415064236.0
008 - ELEMENTOS DE LONGITUD FIJA--INFORMACIÓN GENERAL
campo de control de longitud fija 991125c2018 mx qr p o 000 0 spa d
035 ## - NÚMERO DE CONTROL DEL SISTEMA
Número de control de sistema UPN01000226497
040 ## - FUENTE DE LA CATALOGACIÓN
Centro catalogador/agencia de origen MX-MxUPN
Lengua de catalogación spa
Centro/agencia transcriptor MX-MxUPN
Normas de descripción aacr2
049 ## - COLECCIÓN
Colección ART-E
100 1# - ASIENTO PRINCIPAL--NOMBRE PERSONAL
Nombre de persona Pedroza Zuñiga, Luis Horacio
Enlace - horaciopedroza@hotmail.com
100 1# - ASIENTO PRINCIPAL--NOMBRE PERSONAL
Nombre de persona Peniche Cetzal, Rubí Surema
100 1# - ASIENTO PRINCIPAL--NOMBRE PERSONAL
Nombre de persona Lizasoain Hernández, Luis
245 10 - MENCIÓN DE TÍTULO
Título Criterios para la identificación y selección de escuela eficaces de nivel medio superior
Medio [recurso electrónico en línea]
506 0# - NOTA DE RESTRICCIONES AL ACCESO
Limitaciones de acceso Acceso abierto
520 3# - NOTA DE RESUMEN, ETC.
Sumario, etc. El propósito de este estudio fue la detección de escuelas de alta y baja eficacia en educación media superior. Se emplearon puntuaciones obtenidas en una prueba censal aplicada al egreso de la educación media superior del 2012 al 2015. Se proponen cuatro criterios para determinar la eficacia de las escuelas: 1) las puntuaciones brutas extremas; 2) los residuos extremos estimados mediante modelos jerárquicos lineales; 3) el crecimiento (o decrecimiento) de puntuaciones y 4) el crecimiento de los residuos en las escuelas a lo largo del tiempo. Cuatro perspectivas distintas, pero complementarias, para abordar el nivel de eficacia (o ineficacia) de las escuelas. Se analizaron resultados de más de 10,000 estudiantes de 119 escuelas, y se identificaron 20 de alta eficacia y 24 de baja. El estudio muestra que se pueden utilizar múltiples criterios, lo cual permite hacer una selección robusta de las escuelas eficaces. REDIE
650 #7 - ASIENTO SECUNDARIO DE MATERIA - TERMINO TEMATICO
9 (RLIN) 2253
Término de materia o nombre geográfico como elemento de entrada Educación media superior
650 #4 - ASIENTO SECUNDARIO DE MATERIA - TERMINO TEMATICO
9 (RLIN) 4684
Término de materia o nombre geográfico como elemento de entrada Calidad de la educación
650 #4 - ASIENTO SECUNDARIO DE MATERIA - TERMINO TEMATICO
Término de materia o nombre geográfico como elemento de entrada Evaluación educativa
9 (RLIN) 4298
653 0# - TERMINO DE INDIZACION - NO CONTROLADO
Término no controlado Eficacia escolar
773 ## - ENLACE AL DOCUMENTO FUENTE/ENTRADA DE REGISTRO ANFITRIÓN
Parte(s) relacionada(s) Vol. 20, no. 1 (2018), p. 14-25
Título REDIE: revista electrónica de investigación educativa
Número Internacional Normalizado para Publicaciones Seriadas 1607-4041
856 4# - LOCALIZACIÓN Y ACCESO ELECTRÓNICOS
Identificador Uniforme del Recurso <a href="https://redie.uabc.mx/redie/article/view/2170/1612">https://redie.uabc.mx/redie/article/view/2170/1612</a>
856 4# - LOCALIZACIÓN Y ACCESO ELECTRÓNICOS
Identificador Uniforme del Recurso <a href="https://doi.org/10.24320/redie.2018.20.1.2170">https://doi.org/10.24320/redie.2018.20.1.2170</a>
902 ## - ELEMENTOS DE DATOS B LOCAL, LDB (RLIN)
Creó Leonor Sotres/020824
905 ## - TIPO DE MATERIAL
Tipo de material Articulo
942 ## - ELEMENTOS DE PUNTO DE ACCESO ADICIONAL (KOHA)
Tipo de ítem Koha Artículo Electrónico
Holdings
Estado de retiro Estado de pérdida Estado dañado No para préstamo Código de colección Localización permanente Ubicación/localización actual Ubicación en estantería Fecha de adquisición Total de préstamos Fecha visto por última vez Identificador Uniforme del Recurso Precio válido a partir de Tipo de ítem Koha
        Acceso abierto Bib. Gregorio Torres Quintero Bib. Gregorio Torres Quintero En línea 02/08/2024   02/08/2024 https://redie.uabc.mx/redie/article/view/2170/1612 02/08/2024 Artículo Electrónico